[Event "VI Festival A"]
[Site "Trieste ITA"]
[Date "2004.09.06"]
[Round "3"]
[White "Pasquotto, Mirko"]
[Black "Stantic, Severino"]
[Result "0-1"]
[WhiteElo "1778"]
[BlackElo "2100"]
[PlyCount "86"]
[EventDate "2004.09.04"]

1. e4 d6 2. d4 Nf6 3. Nc3 g6 4. Nf3 Bg7 5. Be2 Bg4 6. Be3 Nc6 7. h3 Bxf3 8.
Bxf3 O-O 9. Qd2 Nd7 10. O-O Nb6 11. b3 a6 12. Ne2 Nd7 13. c3 e6 14. Bg5 f6 15.
Bh6 Qe7 16. h4 Nd8 17. Bxg7 Kxg7 18. h5 g5 19. Ng3 Nf7 20. d5 Nh6 21. Rae1 Ne5
22. Bd1 exd5 23. exd5 f5 24. f4 gxf4 25. Qxf4 Rf7 26. Bc2 Raf8 27. Ne2 c6 28.
dxc6 bxc6 29. Nd4 Qf6 30. Re3 Kh8 31. Rfe1 Nhg4 32. Rg3 Qh4 33. Rd1 Qh2+ 34.
Kf1 Qxh5 35. Rh3 Qg6 36. Nf3 Qf6 37. Rh5 Ng6 38. Qd2 Qe7 39. Re1 N6e5 40. Qd4
c5 41. Qd5 Nf6 42. Nxe5 dxe5 43. Qf3 Nxh5 0-1

[Event "VI Festival A"]
[Site "Trieste ITA"]
[Date "2004.09.06"]
[Round "3"]
[White "Pechy, Alaster"]
[Black "Arcion, Riccardo"]
[Result "1-0"]
[WhiteElo "2138"]
[BlackElo "1970"]
[PlyCount "129"]
[EventDate "2004.09.04"]

1. d4 Nf6 2. c4 e6 3. Nc3 Bb4 4. Qc2 c5 5. dxc5 O-O 6. Nf3 Bxc5 7. Bg5 Be7 8.
e4 d6 9. Rd1 Qa5 10. h4 Nbd7 11. g4 Ne5 12. Nxe5 Qxe5 13. Rd3 Re8 14. f4 Qc5
15. Rg3 Nd7 16. Bxe7 Rxe7 17. g5 d5 18. e5 Nf8 19. cxd5 exd5 20. Bd3 Bd7 21.
Qf2 Rc8 22. Qxc5 Rxc5 23. Kd2 a5 24. a3 a4 25. Rc1 Ne6 26. Ne2 Rxc1 27. Kxc1
Be8 28. Kd2 Rc7 29. Bf5 Nc5 30. Rc3 b6 31. Ke3 g6 32. Bd3 Bc6 33. Nd4 Bb7 34.
Bb5 Kf8 35. Bxa4 Ke7 36. b4 Ne6 37. Rxc7+ Nxc7 38. Nc6+ Kf8 39. Nd4 Ke7 40. Bd1
Kd7 41. h5 Ke7 42. h6 Bc8 43. Ba4 Kf8 44. Bc6 Ba6 45. a4 Bc4 46. Bb7 Ke8 47.
Bc8 Kd8 48. Bg4 Na6 49. a5 bxa5 50. bxa5 Nc5 51. e6 Ke7 52. f5 fxe6 53. fxg6
Bd3 54. a6 Bxg6 55. a7 e5 56. Nf5+ Kf7 57. a8=Q d4+ 58. Nxd4 exd4+ 59. Kxd4 Ne4
60. Qb7+ Kf8 61. Qc8+ Ke7 62. Qd7+ Kf8 63. Be6 Nxg5 64. Qd8+ Be8 65. Qd6# 1-0

[Event "VI Festival A"]
[Site "Trieste ITA"]
[Date "2004.09.06"]
[Round "3"]
[White "Punteri, Marco"]
[Black "Boldrin, Marco"]
[Result "1-0"]
[WhiteElo "2051"]
[BlackElo "1877"]
[PlyCount "65"]
[EventDate "2004.09.04"]

1. d4 Nf6 2. c4 e6 3. Nc3 Bb4 4. a3 Bxc3+ 5. bxc3 c5 6. f3 d5 7. cxd5 exd5 8.
e3 b6 9. Bd3 Bb7 10. Ne2 O-O 11. O-O Re8 12. Ng3 Ba6 13. Ra2 Bxd3 14. Qxd3 Re6
15. e4 Nc6 16. e5 Nd7 17. f4 Rc8 18. f5 Re8 19. f6 Ncxe5 20. dxe5 Nxe5 21. Qd1
g6 22. Rd2 Re6 23. Rxd5 Qe8 24. Bh6 Nc4 25. Qg4 b5 26. Nf5 Rc7 27. Ne7+ Rexe7
28. fxe7 Qxe7 29. Rxf7 Kxf7 30. Qf3+ Qf6 31. Qd1 Qxc3 32. Rd7+ Rxd7 33. Qxd7+
1-0

[Event "VI Festival A"]
[Site "Trieste ITA"]
[Date "2004.09.06"]
[Round "3"]
[White "Zorat, Paolo"]
[Black "Grudina, Marco"]
[Result "1/2-1/2"]
[WhiteElo "2000"]
[BlackElo "1769"]
[PlyCount "142"]
[EventDate "2004.09.04"]

1. d4 d5 2. c4 c6 3. Nf3 Nf6 4. Nc3 e6 5. Bg5 Nbd7 6. e3 Qa5 7. Nd2 Bb4 8. Qc2
O-O 9. Be2 e5 10. dxe5 Ne4 11. Ndxe4 dxe4 12. O-O Bxc3 13. bxc3 Nxe5 14. Be7
Re8 15. Bb4 Qc7 16. Qxe4 c5 17. Ba3 Bd7 18. Rfd1 Ng4 19. Qf4 Qxf4 20. exf4 Rxe2
21. Rxd7 Rae8 22. Rf1 b6 23. h3 Nf6 24. Rxa7 Rxa2 25. g3 g6 26. Rb1 Ree2 27.
Rxb6 Ne4 28. Rb8+ Kg7 29. Bxc5 Nxc5 30. Rxa2 Rxa2 31. Rb5 Ne4 32. c5 Nxc3 33.
Rb4 Ra8 34. Rc4 Nd5 35. Kg2 Rc8 36. Kf3 Nb6 37. Rc1 Rc6 38. Ke4 Kf6 39. g4 h6
40. Rc2 Ke7 41. f5 gxf5+ 42. gxf5 Kf6 43. h4 h5 44. Rc1 Nc8 45. Kd4 Kxf5 46. f3
Ne7 47. Rg1 f6 48. Rg7 Rc7 49. Kc4 Kf4 50. Rh7 Kxf3 51. Rxh5 Kg4 52. Rh7 f5 53.
h5 Kg5 54. Kb5 Nd5 55. Rh8 Nf6 56. h6 f4 57. Rd8 f3 58. Kb6 Re7 59. Rd1 f2 60.
Rf1 Nd5+ 61. Ka5 Rf7 62. h7 Rxh7 63. Rxf2 Ra7+ 64. Kb5 Rc7 65. Rd2 Ne7 66. Kb6
Rc6+ 67. Kb5 Rc7 68. Kb6 Rc6+ 69. Kb5 Kf6 70. Rd6+ Rxd6 71. cxd6 Nf5 1/2-1/2

[Event "VI Festival A"]
[Site "Trieste ITA"]
[Date "2004.09.07"]
[Round "4"]
[White "Arcion, Riccardo"]
[Black "Pasquotto, Mirko"]
[Result "1-0"]
[WhiteElo "1970"]
[BlackElo "1778"]
[PlyCount "63"]
[EventDate "2004.09.04"]

1. d4 Nf6 2. c4 e6 3. Nc3 Bb4 4. Qc2 O-O 5. e4 d6 6. f4 c5 7. a3 Qa5 8. dxc5
Bxc3+ 9. bxc3 Nxe4 10. Bd3 Nxc5 11. Bxh7+ Kh8 12. Nf3 g6 13. Ng5 Kg7 14. h4 e5
15. Bd2 Bf5 16. Qd1 Nd3+ 17. Kf1 Qc5 18. Qf3 e4 19. Qe2 Bg4 20. Qe3 Qxc4 21. h5
Bxh5 22. Rxh5 Nxf4+ 23. Kg1 Qc5 24. Qxc5 dxc5 25. Bxf4 gxh5 26. Bxe4 Nc6 27.
Rb1 Na5 28. Rd1 Rad8 29. Be5+ Kh6 30. Nxf7+ Rxf7 31. Rxd8 Re7 32. Rh8+ 1-0

[Event "VI Festival A"]
[Site "Trieste ITA"]
[Date "2004.09.07"]
[Round "4"]
[White "Battisti, Eugenio"]
[Black "Bednarich, Jan"]
[Result "0-1"]
[WhiteElo "2000"]
[BlackElo "2198"]
[PlyCount "88"]
[EventDate "2004.09.04"]

1. e4 c5 2. Nf3 e6 3. d4 cxd4 4. Nxd4 a6 5. Bd3 Qc7 6. c4 g6 7. Nc3 Bg7 8. Be3
Nf6 9. Rc1 d6 10. f4 Nbd7 11. Nb3 b6 12. Qe2 O-O 13. g4 h6 14. O-O Re8 15. Qg2
Bb7 16. Be2 Rac8 17. Bf3 Qb8 18. Qe2 Qa8 19. Bf2 g5 20. Bg3 gxf4 21. Bxf4 Ne5
22. Bxe5 dxe5 23. h4 Bc6 24. g5 hxg5 25. hxg5 Nh7 26. Bh5 Nxg5 27. Qg4 f6 28.
Bxe8 Rxe8 29. Nd2 b5 30. Nf3 Nxe4 31. Qg6 Rd8 32. Nxe5 Qa7+ 33. Kh1 Ng3+ 34.
Kh2 Nxf1+ 35. Rxf1 Rd2+ 36. Kh3 Bg2+ 37. Kg3 Qe3+ 38. Nf3 Bxf1 39. Qe8+ Kh7 40.
Qh5+ Qh6 41. Qxh6+ Bxh6 42. Nxd2 Bxd2 43. Ne4 Be1+ 44. Kf3 Bxc4 0-1

[Event "VI Festival A"]
[Site "Trieste ITA"]
[Date "2004.09.07"]
[Round "4"]
[White "Bevilacqua, Andrea"]
[Black "Padovani, Alessio"]
[Result "1/2-1/2"]
[WhiteElo "1736"]
[BlackElo "1912"]
[PlyCount "151"]
[EventDate "2004.09.04"]

1. f4 d5 2. Nf3 Nf6 3. d3 e6 4. e3 c5 5. g3 Nc6 6. Bg2 Bd6 7. O-O O-O 8. Qe2 e5
9. h3 exf4 10. exf4 Re8 11. Qf2 Bc7 12. Kh2 c4 13. Re1 Rxe1 14. Qxe1 cxd3 15.
cxd3 Bf5 16. d4 Qd7 17. Bd2 Re8 18. Ne5 Bxe5 19. dxe5 Ne4 20. g4 Nxd2 21. Qxd2
Bxb1 22. Rxb1 Rd8 23. Re1 d4 24. Qd3 Nb4 25. Qb3 Nd5 26. Bxd5 Qxd5 27. Qxd5
Rxd5 28. Rd1 Kf8 29. Kg3 Rb5 30. b3 Ra5 31. a4 Rc5 32. Rxd4 Rc3+ 33. Kh4 Rxb3
34. g5 Ke7 35. Kg4 a5 36. h4 Rb4 37. Rd5 b6 38. Rd6 g6 39. Rf6 Rxa4 40. Rxb6
Ra1 41. Ra6 a4 42. h5 a3 43. hxg6 hxg6 44. Kg3 a2 45. Kg2 Kd7 46. Kh2 Kc7 47.
f5 gxf5 48. e6 fxe6 49. g6 Rd1 50. Rxa2 Rd8 51. Rg2 Rg8 52. Kh3 Kd6 53. Kh4 e5
54. Kg5 Ke6 55. Rf2 f4 56. Rf1 Kd5 57. Kf6 Rf8+ 58. Ke7 Ra8 59. g7 Ke4 60. Kf6
Ra6+ 61. Kg5 Ra8 62. Kf6 Rg8 63. Re1+ Kd4 64. Rd1+ Ke3 65. Re1+ Kd4 66. Rd1+
Ke4 67. Re1+ Kf3 68. Rxe5 Kg4 69. Rg5+ Kh4 70. Kf7 Ra8 71. g8=Q Rxg8 72. Rxg8
f3 73. Ke6 f2 74. Rf8 Kg3 75. Ke5 Kg2 76. Rg8+ 1/2-1/2

[Event "VI Festival A"]
[Site "Trieste ITA"]
[Date "2004.09.07"]
[Round "4"]
[White "Boldrin, Marco"]
[Black "Oblak, Mitja"]
[Result "1-0"]
[WhiteElo "1877"]
[BlackElo "1556"]
[PlyCount "59"]
[EventDate "2004.09.04"]

1. Nf3 c5 2. c4 g6 3. g3 Bg7 4. Nc3 Nf6 5. Bg2 O-O 6. O-O Nc6 7. d3 e6 8. Qb3
d6 9. h3 Rb8 10. Be3 Bd7 11. Rfd1 Qc7 12. Rd2 Rfd8 13. Qd1 a6 14. a4 b5 15.
axb5 axb5 16. Nxb5 Qb6 17. d4 Ne4 18. dxc5 Nxc5 19. Rb1 d5 20. b4 d4 21. bxc5
dxe3 22. cxb6 exd2 23. Qxd2 Rxb6 24. Rd1 Rbb8 25. Qxd7 Rxd7 26. Rxd7 Na5 27.
Nd6 Rb2 28. e3 f6 29. Nd4 Rb8 30. Nxe6 1-0

[Event "VI Festival A"]
[Site "Trieste ITA"]
[Date "2004.09.07"]
[Round "4"]
[White "Costariol, Elena"]
[Black "Brecevich, Andrea"]
[Result "0-1"]
[WhiteElo "1554"]
[BlackElo "1897"]
[PlyCount "146"]
[EventDate "2004.09.04"]

1. e4 c5 2. Nf3 Nc6 3. c3 d6 4. d4 cxd4 5. cxd4 Nf6 6. Nc3 e6 7. Bd3 Be7 8. O-O
a6 9. Bf4 Nxd4 10. Nxd4 e5 11. Be3 exd4 12. Bxd4 Bd7 13. Rc1 Bc6 14. Re1 O-O
15. Qc2 g6 16. h3 Nd7 17. f4 Bf6 18. Be3 Nc5 19. g4 Re8 20. Bd2 Qd7 21. f5 gxf5
22. gxf5 Qe7 23. Bh6 Bd4+ 24. Kh1 Qh4 25. Qg2+ Kh8 26. Bg5 Qxg5 27. Qxg5 Nxd3
28. Rcd1 Nf2+ 29. Kh2 Be5+ 30. Kg2 Rg8 31. Qxg8+ Rxg8+ 32. Kxf2 Bg3+ 33. Kf1
Bxe1 34. Kxe1 Rg1+ 35. Kd2 Rxd1+ 36. Kxd1 Kg7 37. Ke2 Kf6 38. Kf3 Ke5 39. Ke3
f6 40. a3 d5 41. Nxd5 Bxd5 42. exd5 Kxd5 43. Kf4 a5 44. b3 b5 45. Kg4 Ke4 46.
h4 h6 47. Kh5 Kxf5 48. Kxh6 Kg4 49. Kg6 f5 50. h5 f4 51. h6 f3 52. h7 f2 53.
h8=Q f1=Q 54. Qh5+ Kg3 55. Qg5+ Kf3 56. Qf6+ Ke2 57. Qe5+ Kd2 58. Qc7 Qd3+ 59.
Kf6 Qc3+ 60. Qe5 Kc2 61. a4 b4 62. Kf5 Qxe5+ 63. Kxe5 Kxb3 64. Kd4 Kc2 65. Kc4
b3 66. Kb5 b2 67. Kxa5 b1=Q 68. Ka6 Qb8 69. a5 Qa8+ 70. Kb6 Kb3 71. a6 Ka4 72.
a7 Kb4 73. Kc7 Qxa7+ 0-1

[Event "VI Festival A"]
[Site "Trieste ITA"]
[Date "2004.09.07"]
[Round "4"]
[White "Drazic, Sinisa"]
[Black "Stantic, Severino"]
[Result "1-0"]
[WhiteElo "2461"]
[BlackElo "2100"]
[PlyCount "235"]
[EventDate "2004.09.04"]

1. e4 c5 2. Nf3 d6 3. c3 b6 4. d4 Nd7 5. Bd3 e5 6. O-O Ngf6 7. Re1 Be7 8. Nbd2
O-O 9. Nf1 Re8 10. Ng3 Bf8 11. h3 Qc7 12. b3 a6 13. d5 b5 14. c4 Rb8 15. Bd2 b4
16. Nh2 g6 17. Ng4 Nxg4 18. hxg4 Bg7 19. Qc1 Nf6 20. f3 Kh8 21. Kf2 Nd7 22. g5
Nf8 23. Rh1 Qd7 24. Be3 f6 25. Qd2 Qf7 26. gxf6 Qxf6 27. Rh2 Rb7 28. Rah1 Kg8
29. Ne2 Qf7 30. g3 a5 31. Kg2 Ra7 32. a4 Qe7 33. Nc1 Bf6 34. Be2 Qg7 35. Rh6
Qe7 36. Nd3 Qd8 37. g4 Rf7 38. g5 Bg7 39. R6h4 Qc7 40. Qc1 Bh8 41. R1h2 Qe7 42.
Nf2 Bg7 43. Kg3 Bh8 44. Kg2 Bd7 45. Qh1 Bc8 46. Kf1 Bd7 47. Kg1 Bc8 48. Bf1 h5
49. Nd3 Bg7 50. Qg2 Nd7 51. Rh1 Nf8 52. Kf2 Nh7 53. Be2 Bg4 54. Ke1 Bd7 55. Kd2
Nf8 56. Qg3 Bc8 57. Bf1 Bd7 58. Bg2 Bc8 59. Kc2 Bd7 60. Rg1 Bc8 61. Rhh1 Nd7
62. Re1 Ref8 63. Rhf1 Kh7 64. Rf2 Kg8 65. Rh1 Re8 66. Rhf1 Ref8 67. Kd1 Kh7 68.
Ke2 Kg8 69. Rh1 Re8 70. Rd1 Kh7 71. Kf1 Kg8 72. Kg1 Kh7 73. Kh1 Kg8 74. Rdd2
Kh7 75. Bf1 Kg8 76. Rh2 Ref8 77. Rdf2 Re8 78. Qg1 Bh8 79. Be2 Bg7 80. Rf1 Ref8
81. Rhf2 Re8 82. Re1 Nf8 83. Bf1 Nd7 84. Bg2 Ref8 85. Rff1 Kh7 86. Qf2 Kg8 87.
Qh4 Bh8 88. Kg1 Bg7 89. Rf2 Kh7 90. Ref1 Bh6 91. Bh3 Bg7 92. Be6 Nb8 93. Bxf7
Rxf7 94. Qg3 Nd7 95. Re2 Rf8 96. Rh2 Kg8 97. Kh1 Rf7 98. Re2 Kh7 99. Kg2 Kg8
100. Rh1 Qf8 101. Bc1 Re7 102. Rf1 Qe8 103. Qh4 Nf8 104. Ree1 Kh7 105. Kf2 Kg8
106. Ke2 Kh7 107. Kd1 Kg8 108. Kc2 Kh7 109. Bb2 Kg8 110. f4 exf4 111. Bxg7 Kxg7
112. Qxf4 Qd8 113. Qf6+ Kg8 114. Kd2 Bh3 115. Rf2 Re8 116. Nf4 Qxf6 117. gxf6
Bg4 118. Nxh5 1-0

[Event "VI Festival A"]
[Site "Trieste ITA"]
[Date "2004.09.07"]
[Round "4"]
[White "Grudina, Marco"]
[Black "Moratto, Davide"]
[Result "1-0"]
[WhiteElo "1769"]
[BlackElo "1759"]
[PlyCount "99"]
[EventDate "2004.09.04"]

1. e4 c5 2. Nf3 d6 3. d4 cxd4 4. Nxd4 Nf6 5. Nc3 a6 6. Bg5 e6 7. f4 Nc6 8. Nxc6
bxc6 9. e5 h6 10. Bh4 g5 11. fxg5 Nd5 12. Ne4 Qb6 13. Bd3 dxe5 14. Bg3 Qxb2 15.
Nf6+ Nxf6 16. gxf6 Bb4+ 17. Ke2 Rg8 18. Be4 Bb7 19. Rb1 Qc3 20. Qd3 Qxd3+ 21.
cxd3 a5 22. a3 Kd7 23. axb4 axb4 24. Rxb4 Ra2+ 25. Ke3 Ba6 26. Rc1 Rc8 27. Bxe5
c5 28. Rb6 c4 29. Rd6+ Ke8 30. Bc6+ Kf8 31. dxc4 Ra3+ 32. Kd4 Ra2 33. Bf4 Kg8
34. Rc3 Kh8 35. Rh3 Kh7 36. Rxh6+ Kg8 37. Rh3 Bxc4 38. Rg3+ Kh8 39. Rh3+ Kg8
40. Bh6 e5+ 41. Kxc4 Rc2+ 42. Kd5 Rxg2 43. Rg3+ Rxg3 44. hxg3 Kh7 45. Bg7 Kg6
46. Kxe5 Kh7 47. Kf5 Kg8 48. Rd4 Rb8 49. Kg5 Rc8 50. Rh4 1-0

[Event "VI Festival A"]
[Site "Trieste ITA"]
[Date "2004.09.07"]
[Round "4"]
[White "Laco, Giuseppe"]
[Black "Punteri, Marco"]
[Result "0-1"]
[WhiteElo "2107"]
[BlackElo "2051"]
[PlyCount "98"]
[EventDate "2004.09.04"]

1. c4 c6 2. b3 d5 3. Bb2 Nf6 4. e3 e6 5. f4 Bd6 6. Nf3 Nbd7 7. Be2 O-O 8. O-O
Qe7 9. Ne5 Ne4 10. d3 Nec5 11. b4 Na6 12. Nxd7 Bxd7 13. c5 Bc7 14. Qe1 f6 15.
a3 e5 16. f5 e4 17. d4 g6 18. Bg4 Qg7 19. Qh4 h5 20. Bh3 Qh6 21. Qf2 g5 22. g4
Kf7 23. Bc3 Rh8 24. Ra2 Rh7 25. Qe2 hxg4 26. Bxg4 Rah8 27. h3 Qg7 28. Qg2 Kf8
29. Be1 Be8 30. a4 Bh5 31. b5 Bxg4 32. hxg4 Nb8 33. b6 axb6 34. cxb6 Rh2 35.
Qxh2 Bxh2+ 36. Rxh2 Rxh2 37. Kxh2 Qe7 38. Kg2 Na6 39. Rh1 Kg7 40. a5 Nb4 41.
Nd2 Nd3 42. Nb3 Qa3 43. Nc5 Nxc5 44. dxc5 Qxc5 45. Bf2 Qxa5 46. Rb1 Qa2 47. Rb4
Qa3 48. Rb1 d4 49. Re1 d3 0-1

[Event "VI Festival A"]
[Site "Trieste ITA"]
[Date "2004.09.07"]
[Round "4"]
[White "Nedimovic, Ljubisa"]
[Black "Jurkovic, Hrvoje"]
[Result "1-0"]
[WhiteElo "2200"]
[BlackElo "2432"]
[PlyCount "99"]
[EventDate "2004.09.04"]

1. d4 d5 2. Nf3 Nc6 3. c4 Bg4 4. Nc3 e6 5. Bg5 f6 6. Bh4 Nge7 7. e3 Nf5 8. Bg3
h5 9. h3 Nxg3 10. fxg3 Bf5 11. cxd5 exd5 12. Bd3 Qd7 13. Bxf5 Qxf5 14. O-O Qd7
15. Nh4 Bb4 16. Ng6 Rh6 17. Nf4 Bxc3 18. bxc3 O-O-O 19. Nxh5 Na5 20. g4 Nc4 21.
Qd3 Nd6 22. Ng3 Rhh8 23. e4 dxe4 24. Nxe4 Nxe4 25. Qxe4 Rhe8 26. Qf3 Qa4 27.
Rab1 c6 28. Rb2 Re7 29. Rfb1 Qc4 30. a3 Rde8 31. Kh2 Rd8 32. Rb4 Qe6 33. Rf1
Rd5 34. Qg3 Qe2 35. Rf3 Qd2 36. Rb1 Re2 37. Rbf1 Ra5 38. R1f2 Rxa3 39. Rxe2
Qxe2 40. Re3 Qb5 41. Re7 Qa5 42. Qd6 Qd8 43. Qxa3 g5 44. Qc5 a5 45. Qf5+ Kb8
46. Qe6 Ka7 47. Qxf6 Qb6 48. Qxg5 Ka6 49. Re8 Qa7 50. Qc5 1-0

[Event "VI Festival A"]
[Site "Trieste ITA"]
[Date "2004.09.07"]
[Round "4"]
[White "Padjen, Zdenko"]
[Black "De Poi, Paolo"]
[Result "1/2-1/2"]
[WhiteElo "2099"]
[BlackElo "2223"]
[PlyCount "62"]
[EventDate "2004.09.04"]

1. e4 c5 2. Nf3 d6 3. c3 Nf6 4. h3 Nc6 5. Bd3 e5 6. O-O g5 7. Be2 g4 8. hxg4
Bxg4 9. Ng5 Bxe2 10. Qxe2 Rg8 11. d3 Qe7 12. Na3 O-O-O 13. Nc4 Bh6 14. Nh3 Rg6
15. Bxh6 Rxh6 16. Ne3 Rh5 17. Nd5 Qe6 18. Nxf6 Rxh3 19. gxh3 Qxf6 20. Qg4+ Kb8
21. f4 Qh6 22. Kh2 exf4 23. Qxf4 Qh5 24. Qxf7 Qe2+ 25. Rf2 Qxd3 26. Qxh7 Ne5
27. Raf1 a5 28. Rf8 Rxf8 29. Rxf8+ Ka7 30. Qh4 Qc2+ 31. Qf2 Qxe4 1/2-1/2

[Event "VI Festival A"]
[Site "Trieste ITA"]
[Date "2004.09.07"]
[Round "4"]
[White "Spinetti, Paolo"]
[Black "Zorat, Paolo"]
[Result "1/2-1/2"]
[WhiteElo "2162"]
[BlackElo "2000"]
[PlyCount "104"]
[EventDate "2004.09.04"]

1. d4 Nf6 2. c4 e6 3. Bg5 h6 4. Bh4 c5 5. Bxf6 Qxf6 6. e3 Nc6 7. Nf3 cxd4 8.
exd4 d5 9. Nc3 Bb4 10. a3 Bxc3+ 11. bxc3 O-O 12. Be2 dxc4 13. Bxc4 b6 14. O-O
Bb7 15. Re1 Rac8 16. Be2 Rfd8 17. Qb3 Na5 18. Qb2 Bd5 19. Rac1 Rc7 20. Ne5 Rdc8
21. Ba6 Rd8 22. Bd3 Nc4 23. Bxc4 Bxc4 24. Re3 Bd5 25. Rce1 Rdc8 26. Rh3 Qf4 27.
Rg3 h5 28. h3 Qh6 29. Ree3 Kh8 30. h4 Rg8 31. Rg5 g6 32. Reg3 Be4 33. Qe2 Bf5
34. Ng4 hxg4 35. Qe5+ Qg7 36. Qxc7 f6 37. Qxg7+ Kxg7 38. R5xg4 Bxg4 39. Rxg4
Rc8 40. Rg3 Rc4 41. h5 g5 42. Re3 b5 43. Kf1 a5 44. Ke2 b4 45. axb4 axb4 46.
cxb4 Rxb4 47. Rd3 g4 48. d5 exd5 49. Rxd5 Re4+ 50. Kd3 Re1 51. g3 Kh6 52. Kd2
52... Re6 {...} 1/2-1/2

[Event "VI Festival A"]
[Site "Trieste ITA"]
[Date "2004.09.07"]
[Round "4"]
[White "Tonel, Giulia"]
[Black "Chiandussi, Livio"]
[Result "1-0"]
[WhiteElo "1670"]
[BlackElo "1515"]
[PlyCount "51"]
[EventDate "2004.09.04"]

1. e4 e6 2. d4 d5 3. Nd2 Nf6 4. e5 Nfd7 5. Bd3 c5 6. c3 Nc6 7. Ne2 Qb6 8. Nf3
f6 9. exf6 Nxf6 10. O-O Bd7 11. Re1 O-O-O 12. Rb1 c4 13. Bc2 Bd6 14. Bf4 Bxf4
15. Nxf4 Qc7 16. Nxe6 Bxe6 17. Rxe6 h6 18. Bf5 Kb8 19. Qd2 Qf7 20. Ne5 Nxe5 21.
Rxe5 Nd7 22. Bxd7 Rxd7 23. Rbe1 Rf8 24. Qe3 Kc8 25. Qg3 Qf4 26. Re8+ 1-0

[Event "VI Festival A"]
[Site "Trieste ITA"]
[Date "2004.09.07"]
[Round "4"]
[White "Toth, Andras"]
[Black "Golubovic, Boris"]
[Result "1/2-1/2"]
[WhiteElo "2082"]
[BlackElo "2428"]
[PlyCount "60"]
[EventDate "2004.09.04"]

1. e4 c5 2. Nf3 e6 3. b3 d6 4. Bb2 Nf6 5. Qe2 Nc6 6. g3 Be7 7. Bg2 O-O 8. O-O
Bd7 9. c4 a6 10. d3 Ng4 11. d4 cxd4 12. Nxd4 Nxd4 13. Bxd4 Nf6 14. e5 dxe5 15.
Bxe5 Qc8 16. Nd2 Bc6 17. Ne4 Nxe4 18. Bxe4 Bxe4 19. Qxe4 Rd8 20. Rfd1 Qc6 21.
Qxc6 bxc6 22. Bc7 Rxd1+ 23. Rxd1 Kf8 24. Ba5 Ke8 25. Kg2 c5 26. Kf3 Ra7 27. h3
Rd7 28. Rxd7 Kxd7 29. Bc3 g6 30. Ke4 h5 1/2-1/2

[Event "VI Festival A"]
[Site "Trieste ITA"]
[Date "2004.09.07"]
[Round "4"]
[White "Videki, Sandor"]
[Black "Varini, Massimo"]
[Result "1-0"]
[WhiteElo "2409"]
[BlackElo "2061"]
[PlyCount "105"]
[EventDate "2004.09.04"]

1. e4 e6 2. d4 d5 3. Nc3 Bb4 4. e5 c5 5. a3 Bxc3+ 6. bxc3 Ne7 7. Qg4 O-O 8. Bd3
f5 9. exf6 Rxf6 10. Bg5 Rf7 11. Qh5 g6 12. Qd1 Qa5 13. Bd2 Nd7 14. Nf3 Nc6 15.
O-O c4 16. Be2 e5 17. Ng5 Re7 18. h4 e4 19. h5 gxh5 20. Nh3 Nf6 21. Nf4 Bg4 22.
Nxh5 Bxh5 23. Bxh5 Rf8 24. Be2 Kh8 25. Bh6 Rg8 26. Qd2 Rg6 27. Qe3 Re8 28. Bf4
Reg8 29. g3 Rf8 30. Kg2 Kg8 31. Rh1 Ne7 32. Rh6 Nf5 33. Rxg6+ hxg6 34. Qd2 e3
35. fxe3 Ne4 36. Qe1 g5 37. g4 gxf4 38. gxf5 Rxf5 39. Bg4 Rg5 40. Kf3 fxe3 41.
Qxe3 Qc7 42. Qf4 Qe7 43. Rh1 Nd2+ 44. Kf2 Ne4+ 45. Kf3 Nd2+ 46. Kf2 Ne4+ 47.
Kg2 Qd6 48. Qxd6 Nxd6 49. Kf3 Kg7 50. Kf4 Ne4 51. Rh2 Rg6 52. Bf5 Rf6 53. Ke5
1-0

[Event "VI Festival A"]
[Site "Trieste ITA"]
[Date "2004.09.08"]
[Round "5"]
[White "Battisti, Eugenio"]
[Black "Spinetti, Paolo"]
[Result "1-0"]
[WhiteElo "2000"]
[BlackElo "2162"]
[PlyCount "41"]
[EventDate "2004.09.04"]

1. e4 e6 2. Nf3 d5 3. e5 c5 4. b4 c4 5. d3 cxd3 6. Bxd3 f5 7. a3 a5 8. g4 g6 9.
gxf5 exf5 10. h4 Bg7 11. h5 Nc6 12. h6 Bf8 13. b5 Na7 14. Bb2 Be6 15. Qd2 b6
16. Nc3 Rc8 17. Ne2 Bc5 18. Ng5 Ke7 19. Nf4 Bf7 20. Nxf7 Kxf7 21. e6+ 1-0

[Event "VI Festival A"]
[Site "Trieste ITA"]
[Date "2004.09.08"]
[Round "5"]
[White "Bednarich, Jan"]
[Black "Videki, Sandor"]
[Result "0-1"]
[WhiteElo "2198"]
[BlackElo "2409"]
[PlyCount "80"]
[EventDate "2004.09.04"]

1. d4 d5 2. c4 c6 3. Nf3 Nf6 4. Nc3 e6 5. e3 Nbd7 6. Qc2 Bd6 7. Bd2 O-O 8. Rd1
Qe7 9. a3 a6 10. h3 Re8 11. Be2 dxc4 12. Bxc4 b5 13. Be2 Bb7 14. O-O c5 15.
dxc5 Nxc5 16. Nd4 Rac8 17. Qb1 g6 18. b4 Ncd7 19. Nb3 Nb6 20. Na5 Ba8 21. Rc1
Rc7 22. Bd3 Rec8 23. e4 Be5 24. Ne2 Nc4 25. Nxc4 bxc4 26. Bc2 Nh5 27. f4 Bg7
28. Be3 Rb8 29. e5 f5 30. Qa1 Bh6 31. Qc3 g5 32. fxg5 Bxg5 33. Rf2 Bh4 34. Rf4
Qg7 35. g4 Nxf4 36. Nxf4 Qd7 37. Kh2 Qc6 38. gxf5 Rg7 39. Rg1 Bg3+ 40. Rxg3
Qh1# 0-1

[Event "VI Festival A"]
[Site "Trieste ITA"]
[Date "2004.09.08"]
[Round "5"]
[White "Brecevich, Andrea"]
[Black "Bevilacqua, Andrea"]
[Result "0-1"]
[WhiteElo "1897"]
[BlackElo "1736"]
[PlyCount "70"]
[EventDate "2004.09.04"]

1. e4 e5 2. Nf3 Nf6 3. Nc3 Nc6 4. Bc4 Nxe4 5. Bxf7+ Kxf7 6. Nxe4 d5 7. Neg5+
Kg8 8. d4 h6 9. Nh3 e4 10. Ne5 Nxe5 11. dxe5 Bxh3 12. gxh3 Bc5 13. Qg4 Qe7 14.
f4 exf3 15. Bf4 f2+ 16. Kd2 Rf8 17. Rhf1 g5 18. Bg3 Kh7 19. Qe2 Rf5 20. e6 Re8
21. Bxf2 Bxf2 22. Rxf2 Rxf2 23. Qxf2 Qxe6 24. Re1 Qxe1+ 25. Qxe1 Rxe1 26. Kxe1
Kg6 27. Kf2 Kf5 28. Kf3 h5 29. Ke3 Ke5 30. c3 c5 31. Kf3 d4 32. c4 a5 33. a4 b6
34. b3 Kf5 35. Ke2 Ke4 0-1

[Event "VI Festival A"]
[Site "Trieste ITA"]
[Date "2004.09.08"]
[Round "5"]
[White "De Poi, Paolo"]
[Black "Arcion, Riccardo"]
[Result "1-0"]
[WhiteElo "2223"]
[BlackElo "1970"]
[PlyCount "79"]
[EventDate "2004.09.04"]

1. e4 c5 2. Nf3 Nc6 3. Bb5 g6 4. O-O Bg7 5. Re1 d6 6. c3 Bd7 7. d4 cxd4 8. cxd4
Qb6 9. Nc3 Nf6 10. h3 O-O 11. Ba4 e6 12. Re2 Rac8 13. Be3 Qa5 14. Rc1 d5 15. e5
Ne4 16. Bb3 Nxc3 17. bxc3 b5 18. Rec2 Qb6 19. Qd2 Na5 20. Bh6 Nxb3 21. axb3 a5
22. h4 b4 23. h5 bxc3 24. Rxc3 Rxc3 25. Rxc3 a4 26. Bxg7 Kxg7 27. bxa4 Bxa4 28.
Nh2 Qb1+ 29. Rc1 Qf5 30. g4 Qe4 31. f3 Qd3 32. Qxd3 Bc2 33. Rxc2 Rc8 34. Rxc8
Kh6 35. hxg6 fxg6 36. f4 g5 37. Qh3+ Kg6 38. Qh5+ Kg7 39. Rc7+ Kg8 40. Qe8# 1-0

[Event "VI Festival A"]
[Site "Trieste ITA"]
[Date "2004.09.08"]
[Round "5"]
[White "Golubovic, Boris"]
[Black "Nedimovic, Ljubisa"]
[Result "1-0"]
[WhiteElo "2428"]
[BlackElo "2200"]
[PlyCount "49"]
[EventDate "2004.09.04"]

1. c4 c6 2. e4 d5 3. exd5 cxd5 4. cxd5 Qxd5 5. Nc3 Qa5 6. d4 Nf6 7. Bc4 e6 8.
Nf3 Be7 9. O-O O-O 10. Qe2 Re8 11. Bg5 Nbd7 12. a3 h6 13. Bh4 a6 14. Ba2 Qh5
15. Rad1 Nb6 16. Rfe1 Bd7 17. Qd3 Bc6 18. Re5 g5 19. Bg3 Rad8 20. Bb1 Bd6 21.
Ree1 Bxf3 22. gxf3 Bxg3 23. hxg3 Nbd5 24. Kg2 Kg7 25. Rh1 1-0

[Event "VI Festival A"]
[Site "Trieste ITA"]
[Date "2004.09.08"]
[Round "5"]
[White "Grudina, Marco"]
[Black "Pechy, Alaster"]
[Result "0-1"]
[WhiteElo "1769"]
[BlackElo "2138"]
[PlyCount "74"]
[EventDate "2004.09.04"]

1. e4 c5 2. Nf3 Nc6 3. d4 cxd4 4. Nxd4 Nf6 5. Nc3 e5 6. Ndb5 d6 7. Bg5 a6 8.
Na3 b5 9. Bxf6 gxf6 10. Nd5 Bg7 11. c3 f5 12. Bd3 Be6 13. c4 Bxd5 14. cxd5 Ne7
15. O-O fxe4 16. Bxe4 O-O 17. g4 Bh6 18. Nc2 Bf4 19. Ne3 Ng6 20. Ng2 Qg5 21.
Bxg6 hxg6 22. h4 Qf6 23. g5 Qf5 24. Qb3 Kg7 25. Nxf4 Qxf4 26. Qg3 Rh8 27. Qxf4
exf4 28. f3 Rxh4 29. Kg2 Rah8 30. Rh1 Rxh1 31. Rxh1 Rxh1 32. Kxh1 f6 33. gxf6+
Kxf6 34. Kg2 Ke5 35. Kh3 Kxd5 36. Kg2 Kc4 37. Kf2 Kd3 0-1